| 000 | 01016nam a22002657a 4500 | ||
|---|---|---|---|
| 999 |
_c7113 _d7113 |
||
| 003 | AR-CdUCM | ||
| 008 | 190319b ||||| |||| 00| 0 spa d | ||
| 020 | _a84-89290-19-9 | ||
| 040 |
_aMUNICIPALIDAD PROVINCIAL DEL CUSCO _cBIBLIOTECA MUNICIPAL DEL CUSCO |
||
| 082 |
_a500 / _bJ56 |
||
| 100 |
_aJintia, Yánkuam' _920043 |
||
| 245 |
_aAchuar matsátmau : _bMundo achuar / |
||
| 260 |
_aLima : _bCentro Amazónico de Antropología y Aplicación Práctica, _c1991. |
||
| 300 |
_a191 páginas ; _bilustraciones, _c29 cm. |
||
| 440 |
_aCAAAP. _n1 _920044 |
||
| 500 | _aTexto bilingüe en español y achuar. | ||
| 505 | _aContenido: Animales de cacería y no de cacería -- Peces -- Plantas -- La casa ... | ||
| 650 |
_aCiencias naturales _910176 |
||
| 650 |
_aTraducciones al Achuar _920045 |
||
| 650 |
_aAnimales, plantas _920046 |
||
| 700 |
_aKantásh'Ishtik, Péas (coautor) _920047 |
||
| 710 |
_aCentro Amazónico de Antropología y Aplicación Práctica (Lima) _915134 |
||
| 942 |
_2ddc _cLIBROS |
||
| 945 | _aachl | ||